Stati per Fuso Orario - UTC+1 - Statistics

Statistiche generali
  • Questo quiz è stato fatto 17 volte
    15 dall'ultimo reset
  • Il punteggio medio è 36 su 44
Statistiche sulle risposte
Continente Nazione % Corretto
Europa Italia
100%
Europa Albania
92%
Africa Algeria
92%
Europa Andorra
92%
Europa Austria
92%
Europa Bosnia ed Erzegovina
92%
Europa Città del Vaticano
92%
Europa Croazia
92%
Europa Danimarca
92%
Europa Francia
92%
Europa Germania
92%
Europa Malta
92%
Europa Norvegia
92%
Europa Polonia
92%
Europa Repubblica Ceca
92%
Europa San Marino
92%
Europa Serbia
92%
Europa Slovacchia
92%
Europa Slovenia
92%
Europa Svezia
92%
Europa Svizzera
92%
Europa Belgio
85%
Europa Liechtenstein
85%
Europa Lussemburgo
85%
Africa Marocco
85%
Europa Monaco
85%
Europa Montenegro
85%
Europa Paesi Bassi
85%
Europa Spagna
85%
Africa Tunisia
85%
Europa Ungheria
85%
Africa Angola
77%
Africa Ciad
77%
Africa Gabon
77%
Africa Repubblica Centrafricana
77%
Africa Camerun
69%
Africa Nigeria
69%
Africa Nigeria
69%
Africa Repubblica del Congo
69%
Africa Repubblica Democratica del Congo
69%
Africa Guinea Equatoriale
62%
Africa São Tomé e Príncipe
54%
Africa Benin
46%
Europa BaMacedonia del Nord
0%
Nessun quiz corrispondente trovato
Distribuzione punteggi
Percentuale di utenti per punteggio
Percentile per numero di risposta
I tuoi punteggi nel tempo
Non hai fatto questo quiz dall'ultimo reset